000 00603nam a2200241 a 4500
001 nice12345678
003 IN_TiNIC
005 20260116011338.0
008 050524s1958 newa grp 000 0 eng
020 _a
_c184
082 0 0 _a232
_bKNO
100 _aKnox, John
245 _aJesus Lord and Christ
_b Comprising the Man Christ Jesus Chrit the Lord on th
260 _aNew York
_bHarper and Row
_c1958
300 _a278p
500 _aincludes index and biblioraphy
505 2 _aIndex
650 _aJesus Christ
700 1 _aKnox, John
902 _bSRS
942 _cBK
999 _c714
_d714